| 000 | 00801nam a22002417a 4500 | ||
|---|---|---|---|
| 005 | 20170505103753.0 | ||
| 010 | _aENG-109902 | ||
| 020 |
_c275.00 _a9789350097045 |
||
| 035 | _aEN-93435 | ||
| 035 | _aB-534682-686 | ||
| 035 | _aB-667480 | ||
| 037 | _bDBAD/PUB | ||
| 037 |
_bBSB/Ven _adpl |
||
| 082 | _aN | ||
| 100 | _aSinha, Tuhin A. | ||
| 245 | 0 | 0 |
_aThe edge of power / _cby Tuhin A. Sinha |
| 260 |
_aGurgaon _bHachette Book Publishing _c2013 |
||
| 270 |
_aPlot No.94, Sector 44 _bGurgaon _e122003 |
||
| 300 |
_a303p. _c20cm(pbk) |
||
| 942 |
_2ddc _cEN _mSIN _hN |
||
| 999 |
_c83922 _d83922 |
||